000 00844nam a2200253 a 4500
001 35282
003 BD-RjUL
005 20220113112051.0
008 140522s1959 nyua b 00100 eng
035 _a(BD-RjUL)35282
040 _aDLC/ICU
_cICU
_beng
_dBD-RjUL
041 _aeng
082 0 _a519.9
_bLET 1959
100 1 _aLehmann, E. L.
_q(Erich Leo),
_d1917-
_923968
245 1 0 _aTesting statistical hypotheses /
_cE. L. Lehmann.
260 _aNew York ;
_aSydney :
_bWiley,
_cc1959 [Printing 1966]
300 _axiii, 369 p. ;
_bill. ;
_c24 cm.
504 _aIncludes bibliographical references and indexes.
650 0 _aStatistical hypothesis testing.
_9107484
830 _aWiley publication in mathematical statistics
_9715
942 _2ddc
_cBK
999 _c35282
_d35282